[Event "Augsburg Afro op"]
[Site "Augsburg"]
[Date "2003.08.09"]
[Round "6"]
[White "Dauer, Carolin"]
[Black "Degle, Kevin"]
[Result "1/2-1/2"]
[WhiteElo "1105"]
[BlackElo "1452"]
[PlyCount "62"]
[EventDate "2003.08.06"]
[EventType "swiss"]
[EventRounds "7"]
[EventCountry "GER"]
[SourceTitle "EXT 2006"]
[Source "ChessBase"]
[SourceDate "2005.11.24"]
[SourceVersion "1"]
[SourceVersionDate "2005.11.24"]
[SourceQuality "1"]

1. e4 e6 2. d4 d5 3. exd5 exd5 4. Nc3 Nf6 5. Bg5 Be7 6. Nf3 0-0 7. Be2 c6 8. 0-0 Bf5 9. Re1 Nbd7 10. h3 h6 11. Bf4 Bb4 12. a3 Ba5 13. b4 Bc7 14. Bxc7 Qxc7 15. Bd3 Bxd3 16. Qxd3 Rfe8 17. Rad1 Nb6 18. Nd2 Re7 19. Rxe7 Qxe7 20. Qe3 Re8 21. Qxe7 Rxe7 22. Kf1 Kh7 23. Re1 Rxe1+ 24. Kxe1 Kg6 25. a4 a6 26. a5 Nbd7 27. Na4 Ne4 28. Nxe4 dxe4 29. g3 h5 30. Ke2 Kg5 31. Ke3 f5 1/2-1/2

[Event "Augsburg Afro op"]
[Site "Augsburg"]
[Date "2003.08.09"]
[Round "5"]
[White "Degle, Kevin"]
[Black "Jeckle, Markus"]
[Result "1/2-1/2"]
[WhiteElo "1452"]
[BlackElo "1280"]
[PlyCount "47"]
[EventDate "2003.08.06"]
[EventType "swiss"]
[EventRounds "7"]
[EventCountry "GER"]
[SourceTitle "EXT 2006"]
[Source "ChessBase"]
[SourceDate "2005.11.24"]
[SourceVersion "1"]
[SourceVersionDate "2005.11.24"]
[SourceQuality "1"]

1. c4 Nf6 2. g3 g6 3. Bg2 Bg7 4. d3 d6 5. Nc3 e5 6. Nf3 c6 7. 0-0 0-0 8. Bg5 Be6 9. Qd2 Qc8 10. Rac1 Bh3 11. Bxf6 Bxf6 12. Ne4 Bg7 13. Nxd6 Qd7 14. Bxh3 Qxh3 15. Qc2 b6 16. Ne4 Nd7 17. Nfg5 Qh5 18. Rb1 f5 19. Ne6 fxe4 20. Nxf8 Rxf8 21. dxe4 Nf6 22. f3 Qh3 23. Qa4 Bh6 24. Qb3 1/2-1/2

[Event "Augsburg Afro op"]
[Site "Augsburg"]
[Date "2003.08.07"]
[Round "1"]
[White "Degle, Kevin"]
[Black "Wittmann, Paul"]
[Result "0-1"]
[WhiteElo "1452"]
[BlackElo "2043"]
[PlyCount "78"]
[EventDate "2003.08.06"]
[EventType "swiss"]
[EventRounds "7"]
[EventCountry "GER"]
[SourceTitle "EXT 2006"]
[Source "ChessBase"]
[SourceDate "2005.11.24"]
[SourceVersion "1"]
[SourceVersionDate "2005.11.24"]
[SourceQuality "1"]

1. d4 d5 2. c4 c6 3. Nf3 Nf6 4. e3 e6 5. Nc3 Nbd7 6. Bd3 dxc4 7. Bxc4 b5 8. Bd3 Bb7 9. Bd2 a6 10. 0-0 c5 11. dxc5 Nxc5 12. Be2 Be7 13. Nd4 0-0 14. Bf3 Nce4 15. Nxe4 Nxe4 16. Qc2 Rc8 17. Qd3 Nxd2 18. Bxb7 Nxf1 19. Bxc8 Qxc8 20. Qxf1 Bf6 21. Rc1 Qd7 22. Rd1 Rd8 23. Rd2 Qb7 24. Qd1 Qe4 25. Qc2 Qxc2 26. Rxc2 Bxd4 27. exd4 g6 28. Rd2 Kf8 29. f3 Ke7 30. Kf2 Rc8 31. Ke3 Kd6 32. Kf4 h6 33. h4 Kd5 34. b3 Rc3 35. g4 a5 36. Kg3 Rc1 37. f4 Rc3+ 38. Kg2 b4 39. Kf2 Ke4 0-1